[Event "Rapid KO"]
[Site "CXC"]
[Date "2004.06.04"]
[Round "2"]
[White "Svidler, P."]
[Black "Vallejo Pons, F."]
[Result "1-0"]
[WhiteElo "2733"]
[BlackElo "2666"]
[EventDate "2004.06.04"]
[Annotator "MI Vladimir Barsky"]
[PlyCount "67"]
[SourceDate "2004.05.22"]

1. e4 e5 2. Nf3 Nc6 3. Bb5 Nf6 4. d3
{As brancas nao quiseram jogar uma Berlinesa apos} (4. O-O Nxe4 5. d4 Nd6
6. Bxc6 dxc6 7. dxe5 Nf5 8. Qxd8+ Kxd8
{etc. e simplesmente defenderam o seu Peao da coluna "e". Mas nao esta facil para as pretas igualarem esta posicao, mesmo apos aquele lance tao modesto.})
4... Bc5 (
{Outro razoavel plano para as pretas e fazer um fianqueto na ala do rei, por exemplo:} 
4... d6 5. c3 Bd7 6. O-O g6 7. Nbd2 Bg7 8. Re1 O-O 9. Nf1 Nh5 10. Ba4 Qe8
11. Bb3 Kh8 12. Ne3 Nf4 13. Nd5 Nxd5 14. exd5 Ne7 15. d4 $5 $36
{Morozevich,A-Krasenkow,M/ Plovdiv BUL 2003}) 5. Nc3 $5
{Svidler tenta melhorar a sua propria partida:} (5. O-O d6 6. Nc3 O-O 7. Na4
Nd4 8. Nxc5 Nxb5 9. a4 Nd4 10. Nxd4 dxc5 11. Nb5 Ne8 12. f4 c6 13. Nc3 exf4
14. Bxf4 Nc7 15. Be3 Ne6 16. Ne2 Nd4 17. Bxd4 cxd4 $11
{Svidler,P-Kramnik,V/Amber Rapido, Monte Carlo 2004}) (
{Como usual, Morozevich tem o seu caminho especifico aqui:} 5. Bxc6 dxc6 6. Be3
Bd6 7. h3 Nd7 8. Nbd2 O-O 9. O-O c5 10. Nc4 b5 11. Ncd2 Nb8 12. a4 b4 13. Nb3
Qe7 14. Na5 Bd7 15. Nd2 Nc6 16. Nxc6 Bxc6 17. Qe2 $14
{Morozevich,A-Kramnik,V/Amber Rapido, Monte Carlo 2003}) 5... d6 6. Na4
{Este e o ponto crucial - agora as pretas nao podem jogar ...Cd4 (como na partida citada acima, jogada entre Svidler - Kramnik), porque o Rei preto ainda esta em e8.}
6... Bb6 7. c3 ({Repare como esta partida apresenta um estilo moderno:} 7. Nxb6
axb6 8. c3 Bd7 9. O-O Ne7 10. Bc4 Ng6 11. Bb3 O-O 12. Ne1 Bg4 13. f3 $1 Be6
14. Bc2 Nh5 15. g3 Qd7 16. a3 d5 17. Ng2 $14
{todavia ela foi jogada ha mais de 130 anos atras! (Paulsen,L-Goering,C/Krefeld 1871)})
7... O-O 8. h3 Ne7 9. Nxb6 axb6 10. Ba4
{O Bispo se encaminha ate a casa c2 para defender o Peao e, alem de preparar d3-d4.}
10... Ng6 11. Bc2 h6 12. O-O d5 $6
{Parece que as pretas subestimaram a resposta do seu oponente.} 13. d4 $1
{As brancas estao preparadas para um jogo ativo no centro. Na posicao aberta, os seus Bispos ficarao muito perigosos.}
13... Nxe4 14. dxe5 Be6 15. Re1 Nh4
{Naturalmente, as pretas precisam procurar as suas chances de contra jogo na ala do rei, ao passo que as brancas permanecem com a mesma estrategia central.}
16. Nd4 Bd7 ({No caso de} 16... Nf5
{as brancas ficam com a bastante desagradavel oportunidade de jogar:} 17. Nxf5 (
{ou} 17. Nxe6 fxe6 18. Bxe4 dxe4 19. Qg4 Qd5 20. Qxe4 $14) 17... Bxf5 18. c4 c6
19. cxd5 cxd5 20. Be3 $14) 17. f3 $1 Ng3 18. Qd3
{A inesperada posicao preta se tornou muito dificil.} 18... Nhf5 (18... Bf5
19. Nxf5 Nhxf5 20. Bf4 g6 21. e6 $18) (18... g6 19. Bxh6 $18) (18... Ng6 19. e6
$18) 19. Bf4 c5 $8 20. Bxg3 cxd4 21. cxd4 Rc8 22. Bf2 $18
{As brancas m um Peao a mais, alem disso, agora elas estao com uma posicao melhor.}
22... g6 23. Qd2 Qg5 24. Qxg5 hxg5 25. Bb3 Be6 26. g4 Ne7 27. Rac1 (27. Be3 $18)
27... Nc6 28. Bc2 f6 (28... Kg7 29. Be3 f6 30. exf6+ Kxf6 31. Kg2 Nb4 32. Bb1
$18) 29. exf6 Rxf6 30. Bd1 {As pretas nao conseguem salvar o seu Peao g5.}
30... Rcf8 31. Be3 Rxf3 {Puro desespero.} 32. Bxf3 Rxf3 33. Kg2 Rf7 34. Bxg5
1-0

[Event "II. Marx Gyoergy Chess Memorial"]
[Site "CXC"]
[Date "2004.06.08"]
[Round "4"]
[White "Berkes, Ferenc"]
[Black "Nevednichy, Vladislav"]
[Result "1-0"]
[WhiteElo "2613"]
[BlackElo "2544"]
[EventDate "2004.??.??"]
[Annotator "MI Vladimir Barsky"]
[PlyCount "123"]
[Source "Chess Today"]
[SourceDate "2004.06.09"]

1. d4 Nf6 2. c4 g6 3. g3
{Um metodo classico: o uso do fianqueto contra a Defesa India do Rei.} 3... Bg7
4. Bg2 O-O 5. Nc3 d6 6. Nf3 Nc6 7. O-O Rb8
{O plano e (Cc6, Tb8, a6 e b5) que foi trabalhado pelo famoso tecnico e teorico Viacheslav Chebanenko. Nevednichy foi um de seus discipulos.}
8. Qd3 $5 {Um lance bastante raro.} ({Mais comum e} 8. h3 Nd7 (8... a6 9. e4 b5
10. e5 dxe5 11. dxe5 Qxd1 12. Rxd1 Nd7 13. cxb5 axb5 14. Be3 Nb6 $132
{Bocharov,D-Aronian,L/Aeroflot Open, Moscow RUS 2004}) 9. Be3 a6 10. Rc1 Re8
11. b3 e5 12. Qd2 e4 13. Ne1 f5 14. Nc2 Nf6 $15
{Brynell,S-McShane,L/Bundesliga 2004}) (8. b3) 8... Bf5
{De acordo com meu banco de dados, este lance e uma novidade, mas e claro que a ideia nao e nova. As pretas convidam o seu adversario a jogar e2-e4, apos o qual: 1) o Peao e4 fecha a longa diagonal h1-a8, prejudicando o Bispo em g2; 2) as pretas iniciam uma luta pela casa d4. E as brancas nao conseguirao expulsa-lo com e2-e3.} (
{Algumas alternativas sao} 8... Bg4) ({e} 8... Nd7 {etc.}) 9. e4 Bg4 10. Be3
Nd7 11. Nd2 e5 12. d5 Nd4
{E aqui esta: o Cavalo preto ocupa a casa d4. Mas as pretas nao sao capazes de trocar o seu Bispo em g4, por isso elas terao alguns problemas devido a falta de espaco.}
13. f3 Nc5 14. Qb1 Bd7 15. b4 Na6 16. a3
{Sim, o Cavalo em d4 esta muito bem colocado, entretanto o seu colega em a6 esta em dificil situacao.}
16... c5 {A unica tentativa de contra jogo.} 17. dxc6 bxc6 18. Qd3 Nc7 19. Rab1
a5 20. Ne2 $1 {As brancas devem trocar a unica peca bem colocada do oponente.}
20... Nce6 21. Bxd4 Nxd4 22. Nxd4 exd4 23. f4 axb4 24. axb4 d5 $6
{As pretas decid em sacrificar um Peao com o intuito de abrir diagonais para o seu par de Bispos, mas as brancas simplesmente recusam.} (
{Outra opcao e} 24... c5 $5 25. b5 $14) 25. c5 $1
{Apos este lance, o Peao d4 fica fraco.} 25... Re8 26. Rfe1 (26. exd5 $2 Bf5)
26... dxe4 27. Bxe4 h5 28. Kf2 g5 $6
{As pretas en contram complicacoes. Naturalmente a sua posicao estava desagradavel, mas talvez nao estivesse ruim o suficiente para ter que tomar essa desastrosa decisao.}
29. fxg5 Qxg5 30. Nf3 Qg4 31. b5 $1
{As brancas abrem uma segunda frente! O seu Peao passado sera muito perigoso.}
31... Kf8 (31... cxb5 32. c6 Be6 33. c7 Rbc8 34. Rxb5 $16 Rxc7 $2 35. Rg5 $18)
32. bxc6 Rxb1 33. Qxb1 Bc8 34. Qb8 $1 Bf6 (34... Rxe4 35. Rxe4 Qxe4 36. Qxc8+
$18) (34... Be6 35. c7 $18) 35. Qd6+ Kg7 (35... Be7 36. Qxd4 $18) 36. Bf5 $1
$18 Qxf5 37. Rxe8 Qc2+ 38. Re2 Qc3 39. Ne5 $5 d3 40. Qxd3 Qxc5+ (40... Bxe5
41. Qxc3 Bxc3 42. Re8 Bg4 43. c7 $18) 41. Qe3 Qd5 42. Qe4 Qc5+ 43. Kg2 Qd6
44. Nxf7 $1 Qd1 (44... Kxf7 45. Qe8+ Kg7 46. Qxc8) 45. Ne5 Bf5 46. Qe3 Be6
47. Nf3 Bd5 48. Rd2 $5 ({Mais preciso era} 48. c7 Bb7 49. Rd2 Bxf3+ 50. Kf2 $18)
48... Bxf3+ 49. Kf2 Qxd2+ $5 50. Qxd2 Bxc6 51. Qd6
{Um raro e interessante final. E claro que as brancas estao ganhas, mas elas precisam resolver alguns problemas tecnicos primeiro.}
51... Be8 52. Ke3 Bf7 53. Kf4 Kg6 54. h4 Kg7 55. Qd7 Bb2 56. Kf5 Kg8 57. Qe7
Bg7 58. Qc7 Ba1 59. g4 hxg4 60. Kxg4 Bf6 61. Kf5 $1 Bxh4 62. Qe5 $1 (
{E as pretas abandonaram porque elas perderao um de seus Bispos:} 62. Qe5 Bf2
63. Qb8+ Kg7 (63... Kh7 64. Qh2+) 64. Qb2+) 1-0

[Event "IV Mario Covas(1)"]
[Site "CXC"]
[Date "2004.07.31"]
[Round "?"]
[White "Milos, Gilberto"]
[Black "Coelho, Luis"]
[Result "0-1"]
[WhiteElo "2601"]
[BlackElo "2391"]
[EventDate "2004.08.01"]
[PlyCount "108"]
[SourceDate "2004.08.01"]

{A PARTIDA DA RODADA!} 1. e4 c5 2. Nf3 e6 3. d4 cxd4 4. Nxd4 Nc6 5. Nc3 d6
6. Be2 Nf6 7. O-O Be7 8. Kh1 O-O 9. f4 Nxd4 10. Qxd4 b6 11. b3 $146
{Milos engendr a uma nova distribuicao de pecas nessa classica formacao da Scheveningen. Normalmente, os arranjos do branco se constroem em torno de Be3 + Bf3, em preparacao para simultaneamente avancar com f5 e restringir a reacao adversaria d6-d5. Essa, por sinal, e uma tarefa essencial para o primeiro jogador manter suas chances de ataque na ala do rei !? Porem, a colocacao do bispo da dama branco na grande diagonal nao garante automaticamente um futuro brilhante a esta peca...ou mesmo, sequer manter a iniciativa do primeiro jogador!} (
{Um desvio interessante advem de} 11. f5 $5 Bb7 12. Bg5 $5 e5 13. Qd3 Nd7 $5
14. Be3 Nc5 (14... Rc8 $5 15. Rad1 $140 Nc5 16. Bxc5 Rxc5) 15. Bxc5 dxc5
16. Qg3 Bf6 17. Bc4 Rc8 18. a4 (18. Rad1 Qe7 19. Bd5 Ba6 $5) 18... a5 19. Qf3
$5 (19. Rad1 $14) 19... Qe7 20. Qe2 Ra8 $5 (20... Rcd8 21. Bd5 Bc8 $5
{sempre fugindo do tema obvio de "cavalo monumental x bispo bobo"!}) 21. Rad1
Rad8 22. Nd5 Bxd5 23. Bxd5 $14 {Glek x Kharlov - Dubai Open - 2001}) 11... Bb7
12. Bb2 Qc7 13. Bc4 $6 (13. Bf3
{seria um tanto mais flexivel e cauteloso, principalmente porque com o bispo situado em f3, ao contrario de c4, em caso do avanco preto d6-d5, o prelado nao se veria atacado. Mesmo assim, o jogo tenderia a igualdade depois de}
13... Rac8 (13... Rfd8) 14. Rad1 a6 15. Rfe1 Qc5 $5) 13... a6 14. a4 Rad8 $5
{Estabelecendo um indireto e desagradavel  "tete a tete" com a dama branca em d4!?} (
14... Rfd8 $5) 15. f5 $6
{Nem todo pa sso adiante e, necessariamente, um bom passo! A posicao nao esta ainda "madura" para justificar uma acao direta do branco que visa seja abrir linhas e valorizar notadamente seus bispos, seja forcar a concessao da casa d5. Sendo assim, Milos deveria ter continuado "adubando a terra' com lances preparatorios do tipo} (
15. Rae1 $11 {ou}) (15. Bd3 $5 $11
{desfazendo o proprio lance 13. Sera que esse numero da azar?! Bem, nao  me consta que Gilberto seja supersticioso!})
15... d5 $1 $15
{Coelho dispara a mais que tematica e, no caso sob exame, bem justificada reacao a um ataque na ala: contragolpe central! E assume a iniciativa!}
16. exd5
{Outra diferenca importante a comparar: se o bispo do rei de Milos se encontrasse em f3, ele poderia responder a d6-d5 com e4-e5...Sonhar com o passado em xadrez e pesadelo! O que conta, sempre, e o presente!}
16... exd5 17. Bd3 Bd6 (17... Bc5 18. Qh4 d4 19. Ne4 Nxe4 20. Bxe4 Bxe4
21. Qxe4 Rfe8 22. Qd3 $5
{permitiria maiores possibilidades ao branco de igualar.}) 18. Ne2 Rfe8 $1 (
18... Bxh2 $6 19. Nf4 Bg3 (19... Bxf4) 20. Rf3 Bxf4 21. Qxf4 $5 (21. Rxf4 Rfe8
22. Rd1 {tambem realcaria o poder compensatorio do par de bispos!}) 21... Qxf4
22. Rxf4 Ne4 23. Bd4 Rd6 24. Kg1 $44
{foi uma sequeencia recusada sem remorsos pelo MI brasiliense, ja que atrai um grave desafio tecnico de lidar com o dominante senhor da grande diagonal a1-h8!? O peao a mais do preto quase nao faz sentir sua presenca...})
19. Qh4 {Resposta natural, enquanto o artificial} (19. Qg1
{( um lance de maquina - Fritz 8 !? -, mas nao siginifica que seja ruim, apesar da aparencia de "auto-embutimento" da dama)}
19... Bc5 (19... Ng4 20. Qd4 $5 Be5 21. Qxg4 Bxb2 22. f6 g6 23. Rae1 Be5
24. Qh4 Qd6 $15) 20. Bd4 Ne4 $15
{nem seria considerado por jogadores humanos...}) 19... Be5 20. Nd4
{Mantendo suas ambicoes pelo ponto, Milos descarta o modo mais simples de buscar o equilibrio, comecando com atroca} (
20. Bxe5 Rxe5 {ou o equivalente} (20... Qxe5 21. Qd4 (21. Qb4 $5 Qc7 (21... d4
$5 22. Qxb6 Ng4 23. Rf4 $1 $14)) 21... Qc7 (21... Qxd4 22. Nxd4 Ne4 23. b4 $11)
22. Rae1 $11) 21. Nd4 Rde8 22. Rae1 $11
{e opta por maior risco tanto tatico (Bb2 indefeso/Cd4 cravado) quanto posicional (centralizacao crescente do preto e diagonal b8-h2).})
20... Qe7 (20... Ne4 $142 $5 21. Rad1 Bf6 22. Qf4 Qc5 $15) 21. Rad1 (21. Rae1
$142 $1 Ne4 22. Qxe7 Rxe7 23. Re2 (23. Ne6 $6 fxe6 (23... Rxe6 $5 24. fxe6 Bxb2
25. Rxf7) 24. Bxe5 exf5 $15) 23... Rde8 24. Rfe1 f6 25. Ba1 $11) 21... Rd7 $15
22. Qh3
{O branco nao dispoe de nenhum plano mais construtivo ja que, paradoxalmente, o peao companheiro ("muy amigo"!) em f5 "para" o jogo de praticamente todas as suas pecas. A vantagem de espaco que ele garante nao tem uso pratico (sera que o branco pode pensar em enviar um colega solidario, como g2-g4? Dificilmente...) e o preto pode reforcar a coordenacao de suas pecas e explorar inclusive o desligamento da dama contraria da ala da dama, para induzir e "provar" fraquezas nesse setor. E o que Coelho providencia nos proximos movimentos!} (
22. g4 $2 h6 $17) (22. a5 b5 23. c3 Ne4 24. Qxe7 Rdxe7 25. Rf3 Rc8 26. Bb1 Rec7
27. Re1 f6 $17) 22... Qb4 $1 (22... Qc5 23. Qh4 Rde7 24. Ne6 Qd6 25. Bxe5 Qxe5
26. Nd4 h6 $11) 23. c3 (23. Be2 Rde7 24. Bf3 Qc5 (24... Ne4 $2 25. Bxe4 $1 dxe4
26. f6 $1 Bxf6 27. Rxf6 gxf6 28. Nf5 $18) 25. c3 Ne4 $15) 23... Qc5 24. b4 (
24. Rc1 $5) 24... Qc7 25. b5 a5 26. Nc6 $5 $132
{Apesar da impressao de que a posicao do branco "embalou" com esses avancos, em realidade, o primeiro jogador esta apenas trocando o tipo de fraquezas e dificuldades de que padece por outras! Por exemplo, para conseguir essa expansao na ala da dama, Milos teve que "esconder" o Bb2 e, agora, desgarrar um de seus peoes dos demais companheiros. E como dar suporte a essas operacoes no flanco esquerdo se as pecas no direito nao se manifestam? Mesmo assim,  o duplo GM segue em frente e consegue contra-jogo... e procede aindaambiciosament e!}
26... Bxc6 27. bxc6 Rde7 $15 28. Bb5
{Mais cedo ou mais tarde, isso sera necessario.} 28... Rd8 29. Ba3 Ree8 $1 (
29... Bd6 30. Bc1 $1 h6 31. c4 dxc4 32. Bb2 $1 $11) 30. c4
{Livrando-se da fraqueza} (30. Rde1 $15 Ne4 31. Bb2) 30... d4 $1 (30... dxc4
31. Bxc4 Rxd1 32. Rxd1 Ne4 33. Qf3 Qxc6 34. Bb5 Qc2 (34... Qh6 35. h3 Qf4
36. Qxf4 Bxf4 37. g4 Nf2+ 38. Kg2 Nxd1 39. Bxe8 $44) 35. Rc1 Nf2+ 36. Kg1 Bd4
$1 37. Bxe8 $1 Nd3+ 38. Kf1 Nxc1 39. Bxf7+ $1 Kxf7 40. Qd5+ Ke8 41. Qa8+ $1 $11
{e uma daquelas linhas emblematicas que maquinas (Fritz 8) calculam a perfeicao. ..Mas que jogadores humanos sentem, ao tabuleiro, que nao vao mesmo funcionar direito! O preto nao pode "forcar a barra" pois, afinal, o par de bispos brancos esta apenas esperando a sua chance! Por isso, e logica a escolha de Luis, mantendo o jogo semi-aberto e nao totalmenteaberto!?})
31. Rfe1 (31. c5 $5 bxc5 32. Bxc5 Ne4 33. Ba3 Nc3 34. Rd2 Rb8 35. Rb2 Red8 $15
{E porque o jogo ainda estaria algo melhor para o preto? Bem, porque fatores como a maior centralizacao das pecas de Coelho, em torno do peao passado, a dominacao da diagonal b8-h2, e a limitada acao do par de bispos de Milos, em especial o "bispo-beque" (aquele que para um ataque) de b5, inclinam a balanca ligeiramente para o lado de "Bunny Chess"!})
31... Bd6 (31... Bf4 $5 32. Rxe8+ Rxe8 33. Bb2 Qe5 $1 34. Rf1 Ne4 35. Qd3 Qxf5
$15) 32. Rxe8+ Rxe8 33. Bxd6 Qxd6 34. Qg3 $1 $11
{Com a as ultimas e significativas mudancas, o jogo se equilibra. Milos procura valorizar de pronto seu "pp" (Peao passado) e, ao mesmo tempo, realcar o desamparo do "pp" inimigo em d4. Por seu turno, Coelho conta com a ultima fila do oponente, a agilidade de seu cavalo e casas pretas a explorar. Quem melhor usar suas chances, podera comemorar!}
34... Qc5 (34... Qxg3 35. hxg3 h5 36. Kg1 Ng4 37. c7 Rc8 38. Rxd4 Rxc7 39. Rd8+
Kh7 40. Rb8 Rc5 41. Rxb6 Rxf5 42. Bd7 Re5 $11) (34... Re5 $5 35. c7 Qxc7
36. Rxd4 h6 $11) 35. Qf4 h6 36. h3 Rd8 37. Qc7 Re8 38. Qb7
{"Dando corda no destino"...esse lance ainda nao e objetivamente o erro critico da partida, mas aumenta as chances de "acidentes", ja que, descentraliza a dama e abandona o rei.... E natural que Milos nao aceite a alternativa de repetir lances e empatar (vejam o quadro geral do ponto de vista do GM: primeira rodada de um evento em que e favorito, jogando de brancas e ante um oponente com rating inferior ao seu por mais de 200 pontos, escore pessoal, etc...) com} (
38. Qf4 Rd8 39. Qc7 Re8 40. Qf4
{, embora ele tambem esteja sujeito as escolhas e decisoes do adversario que pode, agora, buscar atacarcom}
40... d3 $5 (40... Re4 $5 41. Qb8+ Ne8 42. f6 gxf6) 41. c7 Re4 42. Qg3 d2
43. Rxd2 Nh5 44. Rd8+ Kh7 45. Qc3 Qxc7 $15) 38... Re7 $1 (38... Ne4) 39. Qb8+
Kh7 40. Qd8 (40. Qf4 d3 41. c7 Rxc7 (41... Re4 42. Qg3 d2 43. Rxd2 Nh5 44. Qf2)
42. Rxd3 Re7 43. Rd1 Re2 $15
{e o bispo algo exilado em b5 vai pesando como um fator negativo para a defesa do branco.})
40... Ne4 41. Rxd4 (41. f6 gxf6 42. c7 (42. Kg1 d3+ 43. Kh2 Qe5+ 44. Kg1 d2 $17)
42... Nf2+ 43. Kg1 Nxd1 44. Qxe7 Qxe7 45. c8=Q Qe3+ 46. Kh2 Qf4+ 47. Kg1 Ne3
$19) 41... Ng3+ (41... Nf2+ $142 42. Kg1 Qe5 43. Qxe7 Nxh3+ 44. gxh3 Qxe7
45. Rd5 Qg5+ 46. Kf2 Qf4+ $17) (41... Qe5 $1 $17 42. Kg1 Nf2 43. Qxe7 Nxh3+
{etc. Transpondo.}) 42. Kh2 Ne2 43. Rd1 Qe5+ 44. Kh1 Ng3+ 45. Kg1 Ne2+ 46. Kh1
Ng3+ 47. Kg1 Qe3+ 48. Kh2 Nxf5 49. Qd3 Qe5+ 50. g3 $2
{Expondo o rei desnecessariamente. Era indicado} (50. Kg1 $1
{com frieza e simplicidade!} 50... g6 51. Qf3 Ne3 52. Re1 Qd4 53. Kh1 $11 Ng4
54. Rf1 Ne3 55. Re1 {E ate mesmo o que parece menos preciso}) (50. Kh1 $5
{manteria as chances iguais, desde que a volta da dama assegurou a protecao do monarca branco.})
50... g6 $1 $19 (50... h5) 51. Rd2 (51. Qf3 Qb2+ (51... Nxg3) 52. Kh1 Re3 $19)
51... Qe1 {com a ideia Te3} (51... h5) 52. Rg2 Ne3
{Agora, essa "dupla matadora" (D + C) vai cuidar do rei adversario!} 53. Rb2
Nf1+ 54. Kg1 Nd2+
{Milos, apesar da abertura nao lhe trer trazido qualquer vantagem, jogou toda a partida buscando o ponto, mas no momento critico falhou na defesa (erro de avaliacao? calculo defeituoso? inconformismo?) e permitiu a invasao decisiva das pecas inimigas. Coelho conduziu  o jogo com muita precisao e objetividade. Um tremendo e auspicioso inicio de torneio para o talentoso MI candango!  Luiz Loureiro}
0-1